Christian-Muslim Relations. A Bibliographical History Volume 23. Russia (1800-1914) /
Christian-Muslim Relations, a Bibliographical History 23 (CMR 23), covering Russia, in the period 1800-1914, is a further volume in a general history of relations between the two faiths from the 7th century to the early 20th century. It comprises a series of introductory essays and the main body of...
Other Authors: , , , ,
Format: eBook
Language: English
Published:
Leiden ; Boston :
Brill,
2025.
Series:
Middle East and Islamic Studies E-Books Online, Collection 2024.
The History of Christian-Muslim Relations ;
51.
Subjects:
Online Access: Login to view Source
Tags: Add Tag
Call Number: BP172
| LEADER | 03383nam a22005538i 4500 | ||
|---|---|---|---|
| 001 | BRILL9789004715936 | ||
| 003 | nllekb | ||
| 005 | 20250915080724.0 | ||
| 006 | m d | ||
| 007 | cr un uuuua | ||
| 008 | 240823s2025 gw sb 001 0 eng d | ||
| 020 | |a 9789004715936 |q (electronic book) | ||
| 020 | |z 9789004715929 |q (print) | ||
| 024 | 7 | |a 10.1163/9789004715936 |2 DOI | |
| 035 | |z (OCoLC)1445896632 | ||
| 040 | |a NL-LeKB |c NL-LeKB |e rda | ||
| 041 | |a eng | ||
| 050 | 4 | |a BP172 | |
| 072 | 7 | |a HRAF |2 bicssc | |
| 072 | 7 | |a REL |x 017000 |2 bisacsh | |
| 072 | 7 | |a REL |x 025000 |2 bisacsh | |
| 082 | 0 | 4 | |a 016.2/6127 |2 23 |
| 245 | 1 | 0 | |a Christian-Muslim Relations. A Bibliographical History Volume 23. Russia (1800-1914) / |c edited by David Thomas, John Chesworth, Stanisław Grodź, Douglas Pratt and Cornelia Soldat. |
| 264 | 1 | |a Leiden ; |a Boston : |b Brill, |c 2025. | |
| 264 | 4 | |c ©2025 | |
| 300 | |a 1 online resource (800 pages) : |b illustrations. | ||
| 336 | |a text |b txt |2 rdacontent | ||
| 337 | |a computer |b c |2 rdamedia | ||
| 338 | |a online resource |2 rdacarrier | ||
| 490 | 1 | |a Middle East and Islamic Studies E-Books Online, Collection 2024 | |
| 490 | 1 | |a The History of Christian-Muslim Relations ; |v 51 | |
| 504 | |a Includes bibliographical references and index. | ||
| 520 | |a Christian-Muslim Relations, a Bibliographical History 23 (CMR 23), covering Russia, in the period 1800-1914, is a further volume in a general history of relations between the two faiths from the 7th century to the early 20th century. It comprises a series of introductory essays and the main body of detailed entries. These treat all the works, surviving or lost, that have been recorded. They provide biographical details of the authors, descriptions and assessments of the works themselves, and complete accounts of manuscripts, editions, translations and studies. The result of collaboration between numerous new and leading scholars, CMR 23, along with the other volumes in this series, is intended as a fundamental tool for research in Christian-Muslim relations. Section Editors: Ines Aščerić-Todd, Clinton Bennett, Luis F. Bernabé Pons, Jaco Beyers, Emanuele Colombo, Lejla Demiri, Martha T. Frederiks, David D. Grafton, Stanisław Grodź, Alan M. Guenther, Vincenzo Lavenia, Arely Medina, Diego Melo Carrasco, Alain Messaoudi, Gordon Nickel, Claire Norton, Reza Pourjavady, Douglas Pratt, Charles Ramsey, Peter Riddell, Umar Ryad, Cornelia Soldat, Charles Tieszen, Carsten Walbiner, Catherina Wenzel | ||
| 546 | |a English | ||
| 588 | |a Description based on print version record. | ||
| 650 | 0 | |a Christianity and other religions |x Islam |v Bibliography. | |
| 650 | 0 | |a Christianity and other religions |x Islam. | |
| 650 | 0 | |a Islam |x Relations |x Christianity. | |
| 700 | 1 | |a Chesworth, John, |e editor. | |
| 700 | 1 | |a Grodź, Stanisław, |e editor. | |
| 700 | 1 | |a Pratt, Douglas, |e editor. | |
| 700 | 1 | |a Soldat, Cornelia, |e editor. | |
| 700 | 1 | |a Thomas, David, |e editor. | |
| 776 | 0 | 8 | |i Print version: |t Christian-Muslim Relations. A Bibliographical History Volume 23. Russia (1800-1914). |d Leiden ; Boston : Brill, 2025. |z 9789004715929 |
| 830 | 0 | |a Middle East and Islamic Studies E-Books Online, Collection 2024. | |
| 830 | 0 | |a The History of Christian-Muslim Relations ; |v 51. | |
| 856 | 4 | |z DOI: |u http://dx.doi.org/10.1163/9789004715936 | |
| 942 | |2 lcc |c EBOOK | ||
| 999 | |c 61168 |d 61168 | ||
